000
00266nam a2200109Ia 4500
005
20251222114405.0
008
251222s1900||||xx |||||||||||||| ||spa||
082
_a
DVD0010/B34/1998
245
0
_a
Misión: Seguridad máxima
264
_b
Universal Pictures
942
_c
DVD
999
_c
1817
_d
1817